Language Quiz

Random Language or French Quiz

Sporcle's Easiest Language Quiz Stats

 Plays Quiz Updated Jul 26, 2015

Challenge
Share
Tweet
Embed
Score 0/30 Timer 05:00
5 Plays Today
Hint Answer % Correct
Commonest English WordsA
99.1%
Most Spoken Languages WorldwideEnglish
98.1%
French Speaking CountriesFrance
96.3%
Most Spoken Languages WorldwideSpanish
95.7%
Commonest English WordsBe
95.4%
Commonest English WordsI
94.7%
Greek AlphabetAlpha
93.6%
Commonest English WordsThe
93.4%
Rhymes with CatBat
93.1%
Most Spoken Languages WorldwideFrench
92.4%
Rhymes with CatMat
91.8%
Rhymes with CatHat
90.3%
Greek AlphabetBeta
89.9%
Rhymes with CatRat
86.4%
Rhymes with CatFat
86.2%
Hint Answer % Correct
Greek AlphabetOmega
77.6%
Most Spoken Languages WorldwideMandarin Chinese
74.9%
Most Spoken Languages WorldwideGerman
74.9%
Greek AlphabetDelta
73.6%
Greek AlphabetGamma
70.3%
French Speaking CountriesCanada
69.4%
Spanish ColorsRojo
61.5%
Spanish ColorsBlanco
58.3%
Spanish ColorsVerde
56.7%
Spanish ColorsNegro
56.2%
Spanish ColorsAzul
54%
French Speaking CountriesBelgium
52.1%
French Speaking CountriesSwitzerland
46.8%
Commonest English WordsHe
38%
French Speaking CountriesCôte d’Ivoire
20.4%

You're not logged in!

Compare scores with friends on all Sporcle quizzes.
Join for Free
OR
Log In

You Might Also Like...

Show Comments

Extras

Top Quizzes Today


Score Distribution

Your Account Isn't Verified!

In order to create a playlist on Sporcle, you need to verify the email address you used during registration. Go to your Sporcle Settings to finish the process.

Report this User

Report this user for behavior that violates our Community Guidelines.

Details: